000 01141nam0a2200349 4500
001 RU\NLR\bibl\357480
005 20250621155553.0
010 _a5-86476-196-6
_9500
021 _aRU
_b2002-53025
_92572
035 _a(NLR Aleph) 000352124
090 _a282593
_c282593
100 _a20021226d2002 |||y0rusy50 ca
101 0 _arus
102 _aRU
105 _aa |||||||||
200 1 _aУстойчивое развитие общества
_fВ. А. Ванюшин
210 _aМ.
_cАнкил
_d2002
215 _a142 с.
_cил.
_d20
606 0 _aОбщество
_xУстойчивого развития концепция
_92219753
_3RU\NLR\auth\661332987
610 0 _aСоциальная устойчивость
610 0 _aОбщественное развитие
675 _a316.3
_v3
_zrus
686 _a04
_2rugasnti
686 _a60.5
_2rubbk
686 _aС508.0
700 1 _aВанюшин
_bВ. А.
_gВалерий Анатольевич
_4070
801 0 _aRU
_bRKP
_c20021226
_gPSBO
801 1 _aRU
_bRKP
_c20021226
801 2 _aRU
_bNLR
_c20030129
_grcr
942 _cBOOK
980 _aNB